LDR 00843naa#a2200181#i#450# 001 RU\\bibl\106776 005 20260513194559.3 011 ## _a2071-7318 100 ## _a20260508b2026####ek#y0rusy0150####ca 102 ## _aRU 200 1# _aЭКСПЕРИМЕНТАЛЬНОЕ ОПРЕДЕЛЕНИЕ УГЛА ПОВОРОТА ГАЙКИ ДЛЯ НАТЯЖЕНИЯ ВЫСОКОПРОЧНЫХ БОЛТОВ _eЖурнальная статья 210 1# _aБелгород _cБелгородский государственный технологический университет им. В.Г. Шухова _d2026 215 ## _a12 с. 608 ## _aЖурнальная статья _2local 675 ## _aиз стали (стальные конструкции). 624.014.2 _z 700 #1 _aВасилькин _gА. А. 700 #1 _aЗубков _gГ. В. 856 4# _anaukaru.ru _u